00596 a2200181 4500020001500000020001800015082001000033090001300043100002800056245007300084260004300157300002100200490003100221830003100252942002300283999001700306952009100323 a1584881534 a978158488153704a005.8 c309d3091 aJr., Samuel S. Wagstaff10aCryptanalysis of number theoretic ciphers /cSamuel S. Wagstaff Jr. a[S.l.] :bChapman and Hall/CRC,c2002. a336 p. ;c24 cm.1 aComputational mathematics. 0aComputational mathematics. aSNScBKk005.8 WAG c28944d28944 00104070aSNSbSNSd2016-05-26l0o005.8 WAGpSNS0000219r2016-05-26w2016-05-26yBK